01105nam a2200325 a 450000100100000000500170001000700030002700800410003002000250007102000150009603500200011104000200013104100130015107200700016408000190023408000280025308000150028108000190029610000380031524500980035325000120045126000280046330000270049150000680051861000320058665000580061865000620067665500290073876500120076700063796020220823091256.0ta021125s2002 xr e cze d z80-242-0724-7q(ch.) a8072144731 a(OCoLC)85032587 aBOA001bczecsk1 aczeheng 7a355/359xVojenství. Obrana země. Ozbrojené síly2Konspekt a355.425.42MRF a94(100)"1939/1945"2MRF a(430)2MRF a(0:82-96)2MRF1 aWhiting, Charles,d1926-20074aut10aWerwolf :bpříběh z historie nacistického hnutí odporu 1944-1945 /cCharles Whiting aVyd. 1. aPraha :bBaronet,c2002 a194 s. :bil. ;c22 cm aVydáno ve spolupráci s Knižním klubem - Euromedia Group27aUnternehmen Werwolf2czenas07apartyzánské hnutízNěmeckoy1939-19452czenas07adruhá světová válka, 1939-1945zNěmecko2czenas 7aliteratura faktu2czenas0 tWerwolf